[Event "Yvelines-ch"]
[Site "Fontenay le Fleury"]
[Date "2003.02.14"]
[Round "5.34"]
[White "Tromas, Eric"]
[Black "Dubos, Jean Luc"]
[Result "0-1"]
[WhiteElo "1120"]
[BlackElo "1320"]
[PlyCount "82"]
[EventDate "2003.02.17"]
[EventType "swiss"]
[EventRounds "7"]
[EventCountry "FRA"]
[SourceTitle "EXT 2004"]
[Source "ChessBase"]
[SourceDate "2003.11.25"]
[SourceVersion "1"]
[SourceVersionDate "2003.11.25"]
[SourceQuality "1"]

1. d4 Nf6 2. e3 g6 3. c4 Bg7 4. Nc3 d6 5. Nf3 0-0 6. b3 Nbd7 7. Bb2 c5 8. Nd5 cxd4 9. Qxd4 e5 10. Qc3 Nxd5 11. cxd5 Re8 12. Bc4 a6 13. a4 Nc5 14. 0-0 f5 15. Nd2 Qc7 16. b4 Ne4 17. Nxe4 fxe4 18. b5 Re7 19. a5 b6 20. Ra4 Bd7 21. Qb4 Rb8 22. Rb1 Qc5 23. Bc3 Bf8 24. Ra3 axb5 25. axb6 Rxb6 26. Rb2 Re8 27. Ra5 Rc8 28. Ra4 bxa4 29. Qxb6 Qxb6 30. Rxb6 Rxc4 31. Rb1 Rxc3 32. h3 Rd3 33. Ra1 a3 34. Kh2 Kf7 35. Kg3 Be7 36. Kh2 h5 37. g3 Bc8 38. Rf1 Rd2 39. Kg2 Bb7 40. Ra1 a2 41. Kf1 Bxd5 0-1

[Event "Yvelines-ch"]
[Site "Fontenay le Fleury"]
[Date "2003.02.07"]
[Round "1.36"]
[White "Duval, Sylvain"]
[Black "Tromas, Eric"]
[Result "1-0"]
[WhiteElo "1770"]
[BlackElo "1120"]
[PlyCount "59"]
[EventDate "2003.02.17"]
[EventType "swiss"]
[EventRounds "7"]
[EventCountry "FRA"]
[SourceTitle "EXT 2004"]
[Source "ChessBase"]
[SourceDate "2003.11.25"]
[SourceVersion "1"]
[SourceVersionDate "2003.11.25"]
[SourceQuality "1"]

1. d4 d5 2. Nf3 Nf6 3. e3 e6 4. Bd3 Nc6 5. c3 b6 6. Nbd2 Bb7 7. 0-0 g6 8. Re1 Bg7 9. e4 0-0 10. e5 Nd7 11. h3 f5 12. exf6 Rxf6 13. Nf1 h6 14. N1h2 Qe7 15. Ng4 Rf7 16. Bxg6 Rff8 17. Nxh6+ Bxh6 18. Bxh6 Rf6 19. Bg5 Qg7 20. Bxf6 Qxf6 21. Bh5 Rf8 22. Qe2 Nd8 23. Bg4 Re8 24. Ne5 Nxe5 25. Qxe5 Qf7 26. Bh5 Qe7 27. Bxe8 Qxe8 28. Qg5+ Kf8 29. Re3 Bc8 30. Rae1 1-0